Eintritt der Sedisvakanz
| Corporate Author: | |
|---|---|
| Format: | Electronic Article |
| Language: | German |
| Check availability: | HBZ Gateway |
| Interlibrary Loan: | Interlibrary Loan for the Fachinformationsdienste (Specialized Information Services in Germany) |
| Published: |
2023
|
| In: |
Kirchliches Amtsblatt für die Diözese Rottenburg-Stuttgart
Year: 2023, Volume: 67, Issue: 13, Pages: 466 |
| Further subjects: | B
Holy See (motif) Codex iuris canonici 1983. can. 416
B Holy See (motif) Codex iuris canonici 1983. can. 481, §1 B Sedis vacantia B Holy See (motif) Codex iuris canonici 1983. can. 419 B Holy See (motif) Codex iuris canonici 1983. can. 401, §1 B Holy See (motif) Codex iuris canonici 1983. can. 409, §2 B Holy See (motif) Diözese Rottenburg-Stuttgart B Holy See (motif) Codex iuris canonici 1983. can. 1420, §5 |
MARC
| LEADER | 00000caa a22000002c 4500 | ||
|---|---|---|---|
| 001 | 1887034331 | ||
| 003 | DE-627 | ||
| 005 | 20250424175838.0 | ||
| 007 | cr uuu---uuuuu | ||
| 008 | 240425s2023 xx |||||o 00| ||ger c | ||
| 035 | |a (DE-627)1887034331 | ||
| 035 | |a (DE-599)KXP1887034331 | ||
| 040 | |a DE-627 |b ger |c DE-627 |e rda | ||
| 041 | |a ger | ||
| 084 | |a 1 |2 ssgn | ||
| 110 | 2 | |a Prälat Dr. Klaus Krämer |e VerfasserIn |4 aut | |
| 245 | 1 | 0 | |a Eintritt der Sedisvakanz |
| 264 | 1 | |c 2023 | |
| 336 | |a Text |b txt |2 rdacontent | ||
| 337 | |a Computermedien |b c |2 rdamedia | ||
| 338 | |a Online-Ressource |b cr |2 rdacarrier | ||
| 601 | |a Sedisvakanz | ||
| 610 | 2 | 7 | |0 (DE-588)1213358000 |0 (DE-627)1713892847 |0 (DE-576)191644501 |a Katholische Kirche |t Codex iuris canonici |f 1983 |p can. 401, §1 |2 gnd |
| 610 | 2 | 7 | |0 (DE-588)1213358175 |0 (DE-627)1713892960 |0 (DE-576)191644501 |a Katholische Kirche |t Codex iuris canonici |f 1983 |p can. 409, §2 |2 gnd |
| 610 | 2 | 7 | |0 (DE-588)1213358264 |0 (DE-627)1713893029 |0 (DE-576)191644501 |a Katholische Kirche |t Codex iuris canonici |f 1983 |p can. 419 |2 gnd |
| 610 | 2 | 7 | |0 (DE-588)1213358248 |0 (DE-627)171389307X |0 (DE-576)191644501 |a Katholische Kirche |t Codex iuris canonici |f 1983 |p can. 416 |2 gnd |
| 610 | 2 | 7 | |0 (DE-588)1213359430 |0 (DE-627)1713894149 |0 (DE-576)191644501 |a Katholische Kirche |t Codex iuris canonici |f 1983 |p can. 481, §1 |2 gnd |
| 610 | 2 | 7 | |0 (DE-588)121345932X |0 (DE-627)1722455659 |0 (DE-576)191644501 |a Katholische Kirche |t Codex iuris canonici |f 1983 |p can. 1420, §5 |2 gnd |
| 610 | 2 | 7 | |0 (DE-588)1097762173 |0 (DE-627)857352148 |0 (DE-576)468929827 |a Katholische Kirche |b Diözese Rottenburg-Stuttgart |2 gnd |
| 650 | 0 | 7 | |0 (DE-588)4180615-3 |0 (DE-627)105324558 |0 (DE-576)209999292 |a Sedisvakanz |2 gnd |
| 773 | 0 | 8 | |i Enthalten in |a Katholische Kirche. Diözese Rottenburg-Stuttgart |t Kirchliches Amtsblatt für die Diözese Rottenburg-Stuttgart |d Rottenburg : Ordinariat, 2016 |g 67(2023), 13, Seite 466 |h Online-Ressource |w (DE-627)1041373554 |w (DE-600)2952039-3 |w (DE-576)514761229 |7 nnas |
| 773 | 1 | 8 | |g volume:67 |g year:2023 |g number:13 |g pages:466 |
| 935 | |a DAKR | ||
| 951 | |a AR | ||
| CAL | |a 204010199_204010199,204090299_204090299,204190000_204199999,204160000_204169999,204810199_204810199,214200599_214200599 | ||
| CAN | |a 1 | ||
| ELC | |a 1 | ||
| LOK | |0 000 xxxxxcx a22 zn 4500 | ||
| LOK | |0 001 4516080281 | ||
| LOK | |0 003 DE-627 | ||
| LOK | |0 004 1887034331 | ||
| LOK | |0 005 20240425110538 | ||
| LOK | |0 008 240425||||||||||||||||ger||||||| | ||
| LOK | |0 040 |a DE-Tue135-3 |c DE-627 |d DE-Tue135-3 | ||
| LOK | |0 092 |o n | ||
| LOK | |0 852 |a DE-Tue135-3 | ||
| LOK | |0 852 1 |9 00 | ||
| LOK | |0 935 |a mszk | ||
| LOK | |0 939 |a 25-04-24 |b l01 | ||
| ORI | |a SA-MARC-ixtheoa001.raw | ||
| STA | 0 | 0 | |a Sedis vacantia,Destitution of a see,Vacantia sedis |
| STB | 0 | 0 | |a Vacance du Siège apostolique,Sede vacante,Sede vacante |
| STC | 0 | 0 | |a Vacancia de la sede apostólica |
| STD | 0 | 0 | |a Vacanza della sede apostolica |
| STE | 0 | 0 | |a 宗座从缺,宗座出缺,教座从缺 |
| STF | 0 | 0 | |a 宗座從缺,宗座出缺,教座從缺 |
| STG | 0 | 0 | |a Vacância da sede apostólica |
| STH | 0 | 0 | |a Sede Vacante,Вакантный престол |
| STI | 0 | 0 | |a Κενή έδρα,Sedis vacantia,Χηρεύων θρόνος |
| SUB | |a CAN | ||
| SYB | 0 | 0 | |a Diözese Rottenburg-Stuttgart,DRS,Katholische Kirche,Diözese Rottenburg-Stuttgart,Diözesansynode,Katholische Kirche,Diözese Rottenburg-Stuttgart,Sekretariat,Katholische Kirche,Diözese Rottenburg-Stuttgart,Diözesanverwaltung,Katholische Kirche,Diözese Rottenburg-Stuttgart,Verwaltung,Katholische Kirche,Diözese Rottenburg-Stuttgart,Amt für Öffentlichkeitsarbeit,Katholische Kirche,Diözese Rottenburg-Stuttgart,Referat Ständiges Diakonat,Katholische Kirche,Diözese Rottenburg-Stuttgart,Ständiges Diakonat,Katholische Kirche,Diözese Rottenburg-Stuttgart,Ständiger Diakonat,Katholische Kirche,Diözese Rottenburg-Stuttgart,Arbeitsstelle für den Ständigen Diakonat,Katholische Kirche,Diözese Rottenburg-Stuttgart,Bischof,Katholische Kirche,Diözese Rottenburg-Stuttgart,Referat Erwachsenenpastoral und Erwachsenenbildung,Katholische Kirche,Diözese Rottenburg-Stuttgart,Referat für Glaubensfragen,Katholische Kirche,Diözese Rottenburg-Stuttgart,Hauptabteilung Ausbildung Ständiger Diakonat,Katholische Kirche,Diözese Rottenburg-Stuttgart,Hauptabteilung 1,Katholische Kirche,1,Katholische Kirche,Diözese Rottenburg-Stuttgart,Hauptabteilung Kirche und Gesellschaft,Katholische Kirche,Diözese Rottenburg-Stuttgart,Hauptabteilung 9 a,Katholische Kirche,9 a,Katholische Kirche,Diözese Rottenburg-Stuttgart,Hauptabteilung 4 a,Katholische Kirche,4 a,Katholische Kirche,Diözese Rottenburg-Stuttgart,Öffentlichkeitsarbeit,Katholische Kirche,Diözese Rottenburg-Stuttgart,Domkapitel,Katholische Kirche,Diözese Rottenburg-Stuttgart,Bischöflicher Stuhl,Katholische Kirche,Diözese Rottenburg-Stuttgart,Generalvikariat,Katholische Kirche,Diözese Rottenburg-Stuttgart,Hauptabteilung Weltkirche,Katholische Kirche,Diözese Rottenburg-Stuttgart,Hauptabtlg. Weltkirche,Katholische Kirche,Diözese Rottenburg-Stuttgart,Hauptabteilung Medien und Öffentlichkeitsarbeit,Arbeitsstelle Ständiges Diakonat,Diözesanpastoralrat,Diözesansynode,Diözesanverwaltung,Bischöfliche Verwaltung,Amt für Öffentlichkeitsarbeit,Bischof,Öffentlichkeitsarbeit,Bischöflicher Stuhl,Bischöfliches Generalvikariat,Generalvikariat,Biskupija Rottenburg-Stuttgart,Diecezja Rottenburg-Stuttgart,Diócesis Rottenburg-Stuttgart,Diocese Rottenburg-Stuttgart,Diocese de Rotemburgo-Estugarda,Diocesi Rottenburg-Stuttgart,Diocesi di Rottenburg-Stoccarda,Bistum Rottenburg-Stuttgart,Dioecesis Rottenburgensis-Stutgardiensis,Diözese Rottenberg-Stuttgart |